ბათუმის შოთა რუსთაველის სახელმწიფო უნივერსიტეტის ბიბლიოთეკა

Управление издержками и ценообразование (ბიბ.ჩანაწერი № 37215)

000 -LEADER
fixed length control field 00743nam a2200241Ia 4500
001 - CONTROL NUMBER
control field 3172
003 - CONTROL NUMBER IDENTIFIER
control field GE_BSU
008 - FIXED-LENGTH DATA ELEMENTS--GENERAL INFORMATION
fixed length control field 181216s||||||||xx |||||||||||||| ||und||
020 ## - INTERNATIONAL STANDARD BOOK NUMBER
International Standard Book Number 5877590480
040 ## - CATALOGING SOURCE
Transcribing agency GE_BSU
080 ## - UNIVERSAL DECIMAL CLASSIFICATION NUMBER
Universal Decimal Classification number 657(075.8)
100 ## - MAIN ENTRY--PERSONAL NAME
Personal name Денисова И.П.
245 ## - TITLE STATEMENT
Title Управление издержками и ценообразование
245 ## - TITLE STATEMENT
Remainder of title Учебное пособие
245 ## - TITLE STATEMENT
Statement of responsibility, etc. ред. Л.В. Перекрестова, Л.А. Власов
260 ## - PUBLICATION, DISTRIBUTION, ETC.
Place of publication, distribution, etc. Москва
260 ## - PUBLICATION, DISTRIBUTION, ETC.
Name of publisher, distributor, etc. Экспертное бюро
260 ## - PUBLICATION, DISTRIBUTION, ETC.
Date of publication, distribution, etc. 1997
300 ## - PHYSICAL DESCRIPTION
Extent 64 с. 21 см
653 ## - INDEX TERM--UNCONTROLLED
Uncontrolled term Управление издержками и ценообразование
942 ## - ADDED ENTRY ELEMENTS (KOHA)
Koha item type წიგნი
ეგზემპლარები
Withdrawn status Lost status Damaged status Not for loan Date acquired Barcode Date last seen Price effective from Koha item type Public note
        2018-12-17 8048 2018-12-17 2018-12-17 წიგნი დარბაზი
        2018-12-17 8049 2018-12-17 2018-12-17 წიგნი დარბაზი